000
00270nam a2200145Ia 4500
100
_a
Gary/R Gruber
942
_c
BK
654
_a
GMAT
245
_a
GMAT
260
_b
Monarch Press
_c
1971
082
_a
658
_b
GRU
300
_a
572
546
_a
ENGLISH
999
_c
29173
_d
29173